Neobežné hmotné a nehmotné aktíva v banke diplomová práca
Uložené v:
| Hlavný autor: | |
|---|---|
| Korporativný autor: | |
| Ďalší autori: | |
| Médium: | Kniha |
| Jazyk: | Slovak |
| Vydavateľské údaje: |
Bratislava
2009
|
| Tagy: |
Žiadne tagy, Buďte prvý, kto otaguje tento záznam!
|
MARC
| LEADER | 00000nam$a2200000$$$4500 | ||
|---|---|---|---|
| 001 | 0097456 | ||
| 005 | 20240318134741.7 | ||
| 041 | 0 | |a slo | |
| 044 | |a SK | ||
| 245 | 1 | 0 | |a Neobežné hmotné a nehmotné aktíva v banke |b diplomová práca |c Lucia Hamadová ; škol. Oľga Kadlečíková |
| 264 | 1 | |a Bratislava |c 2009 | |
| 300 | |a 66 s. | ||
| 100 | 1 | |a Hamadová, Lucia | |
| 700 | 1 | |a Kadlečíková, Oľga, 1973- | |
| 710 | 2 | |a Fakulta hospodárskej informatiky EU. Katedra účtovníctva a audítorstva | |